000 01619nam a22002297a 4500
005 20140606130218.0
008 110623s2010 ck a gr 00010 spa d
020 _a9789588536194
041 0 _aspa
044 _ack
082 0 4 _a301.243
_bC56c
110 2 _aColombia.
_bMinisterio de Agricultura y Desarrollo Rural.
_96763
245 1 0 _aCiencia y tecnologia para la competitividad del sector agropecuario 2002-2010 :
_bresultados de algunos proyectos cofinanciados por el Ministerio de Agricultura y Desarrollo Rural. Dirección de Desarrollo Tecnológico y Protección Sanitaria
260 _aBogotá
_bMinisterio de Agricultura,
_c2010.
300 _a197 p. :
_bil. col. ;
_c30 cm. +
_e1 cd-rom. CID-034473
505 _aAgricultura y cambio climático (9) -- Arroz y su industria (17) -- Biocombustible biodiesel (25) -- cacao y su industria (37) -- camarón de cultivo y su industria (41) -- caña panelera y panela (45) -- carne bovina (51) -- caucho y su industria (55) --fique y su industria (61) -- forestal y su industria (69) -- frutales y su industria (99) --guadua y su industria (125) -- hortalizas y su industria (131) -- lácteos (139) -- palma y su industria (157) -- papa y su industria (171) -- pesca artesanal e industria (175) -- piscicultura y su industria (189) -- plantas aromaticas y aceites escenciales (193)
650 4 _aDesarrollo científico y tecnológico
_z Colombia.
_924355
650 _aCiencia y tecnología
_z Colombia.
_924356
650 4 _aPolítica científica
_z Colombia
_y 2002-2010.
_924357
650 4 _aPolítica tecnológica
_z Colombia.
_924358
942 _2ddc
_cImpreso
999 _c8472
_d8472